000 00795nam a2200253 i 4500
001 bg
100 1 _aSMITH, I. M.
245 1 0 _aProgramming the finite element method /
_cI. M. Smith, D. V. Griffiths.
250 _a3rd ed.
260 _aChichester :
_bJohn Wiley,
_c2001.
300 _aXII, 534 s. :
_bil. ;
_c23 cm.
504 _aIndeks.
650 9 _aMetoda elementów skończonych
_xprogramy komputerowe
650 9 _aKomputery
_xstosowanie
_xtechnika
700 1 _aGRIFFITHS, D. V.
020 _a047196543X
040 _cBPK
041 0 _aen
080 _a519.61/.64::62:004.42/43
920 _a0-471-96543-X
942 _cKS
008 s pl f |000 0 pol
999 _c40544
_d40544
856 _uhttp://koha.tu.koszalin.pl/cgi-bin/koha/opac-detail.pl?biblionumber=40544
_yKatalog online BPK